| 000 | 00558nam a2200133Ia 4500 | ||
|---|---|---|---|
| 008 | 171212s9999 xx 000 0 und d | ||
| 020 | _a9781925022155 | ||
| 100 | _aReay, Marie Olive | ||
| 245 |
_cReay, Marie Olive _aWives and Wanderers in a New Guinea Highlands Society |
||
| 260 |
_bANU E Press _c2014 |
||
| 650 | _aSociology | ||
| 650 | _aWomen -- Papua New Guinea -- Social conditions; Women -- Papua New Guinea -- Social life and customs; Wahgi (Papua New Guinean people) -- Social life and customs | ||
| 856 | _uhttp://www.jstor.org/stable/j.ctt13wwvd3 | ||
| 999 |
_c351424 _d351424 |
||